| 000 | 00386cam a2200145ua 4500 | ||
|---|---|---|---|
| 041 |
_amal _h |
||
| 082 |
_a920.5 _bBHA/SW |
||
| 100 | _aBhaskara pillai, K . | ||
| 245 |
_aSwadesabhimani / _cK.Bhaskara pillai. _hTextual Documents |
||
| 260 |
_aKottayam : _bSahitya Parishad Co Operative Society Limited , _c1966. |
||
| 300 | _a406 ; . | ||
| 504 | _a | ||
| 942 | _cBK | ||
| 999 |
_c720 _d720 |
||